000 00327nam a2200133 4500
008 181217b xxu||||| |||| 00| 0 eng d
020 _a2900471678082
041 _aeng
080 _26th
_a575
100 _a5
101 _aBIO
245 _aTextbook of Biochemistry With Clinical Correlations
_cDevlin,Th.m
942 _2ddc
_cBK
999 _c53174
_d53174